000 00470nam a2200181Ia 4500
001 20111
005 20260306172742.0
008 260306t2019||||xx |||||||||||||| ||spa||
041 _aESP
082 _a342.211
_bS68
100 _aSoria Fuerte, Miguel Angel
_eAUT
245 0 _aLa jurisprudencia de la Corte Interamericana de Derechos Humanos
260 _c2019
300 _a414 páginas :
_c25 cm.
650 _aGEN
654 _aCDE
942 _cLIB
_dJUS
_fJUS
_2ddc
_n
999 _c20111
_d20111